Books Closing Lines Quiz Stats

 Plays Quiz Updated Sep 20, 2018

Score 0/15 Timer 06:00
0 Plays Today
Line Book % Correct
The creatures outside looked from pig to man, and from man to pig, and from pig to man again; but already it was impossible to say which was which.Animal Farm
86.5%
He would be there all night, and he would be there when Jem waked up in the morning.To Kill a Mockingbird
57.2%
But I reckon I got to light out for the Territory ahead of the rest, because Aunt Sally she's going to adopt me and sivilize me and I can't stand it. I been there before.The Adventures of Huckleberry Finn
55.7%
Oh my girls, however long you live, I never can wish you a greater happiness than this.Little Women
46.9%
Tomorrow, I’ll think of some way to get him back. After all, tomorrow is another day.Gone with the Wind
37.8%
Don't ever tell anybody anything. If you do, you start missing everybody.The Catcher in the Rye
35.6%
It is a far, far better thing that I do, than I have ever done; it is a far, far better rest that I go to than I have ever known.A Tale of Two Cities
32.2%
The knife came down, missing him by inches, and he took off. Catch-22
12.7%
Line Book % Correct
He raised his hand and over the desolate earth he traced in space the sign of the dollar.Atlas Shrugged
9.8%
I lingered round them, under that benign sky; watched the moths fluttering among the heath, and hare-bells; listened to the soft wind breathing through the grass; and wondered how Wuthering Heights
9.4%
But wherever they go, and whatever happens to them on the way, in that enchanted place on the top of the Forest, a little boy and his Bear will always be playing.The House at Pooh Corner
9.3%
He was soon borne away by the waves and lost in darkness and distance.Frankenstein
5.4%
For now she knew what Shalimar knew: If you surrendered to the air, you could ride it. Song of Solomon
3.3%
There was the hum of bees, and the musky odor of pinks filled the air.The Awakening
2.8%
I never saw any of them again—except the cops. No way has yet been invented to say goodbye to them.The Long Goodbye
1.3%

You're not logged in!

Compare scores with friends on all Sporcle quizzes.
OR
Log In

Sporcle TV

Today on Sporcle TV


Watch our educational content, quiz creation guides, and fun videos on Sporcle TV.

Show Comments

Extras

Top Quizzes Today


Score Distribution

Your Account Isn't Verified!

In order to create a playlist on Sporcle, you need to verify the email address you used during registration. Go to your Sporcle Settings to finish the process.

Report this User

Report this user for behavior that violates our Community Guidelines.

Details: